000 00745nam a2200217Ii 4500
003 JO-AjNU
008 230605s9999||||xx |||||||||||||| ||und||
020 _a9953-32-125-6
040 _aJO-AjNU
_bara
_erda
_cJO-AjNU
041 _aara
050 1 4 _aBP130.4.I2654.2008
100 3 _aابن كثير، إسماعيل بن عمر بن كثير، 701-774 هـ,
_eauthor
_926885
245 0 0 _aتفسير ابن كثير: تفسير القران العظيم 
250 _aط1
264 3 1 _aبيروت : مؤسسة الرسالة، 2008
300 _aج1، 839ص
336 _atext
_btxt
_2rdacontent
337 _aunmediated
_bn
_2rdamedia
338 _avolume
_bnc
_2rdacarrier
650 4 _aالقرآن -- تفاسير مأثورة
_926886
999 _aA10242
_c13810
_d13810